[Event "Dortmund "]
[Site "?"]
[Date "1998.??.??"]
[Round "?"]
[White "Kramnyik, V."]
[Black "Szvidler, P."]
[Result "1-0"]
[WhiteElo "2790"]
[BlackElo "2690"]
[PlyCount "59"]
[EventDate "1998.??.??"]

1. d4 Nf6 2. c4 g6 3. Nc3 d5 4. cxd5 Nxd5 5. e4 Nxc3 6. bxc3 Bg7 7. Bc4 c5 8.
Ne2 Nc6 9. Be3 cxd4 10. cxd4 Qa5+ {Kramnyik a változatot alaposan
tanulmányozta Shirov elleni párosmérkõzése elõtt. Újítást készítette elõ, s a
csapdába Szvidler belesétált.} 11. Bd2 Qd8 12. d5 Ne5 13. Bc3 O-O 14. Bb3 Qb6 (
14... g5 $16) (14... Bd7 15. f4) 15. f4 $1 $146 Ng4 16. Bd4 $16 Qa5+ (16...
Bxd4 17. Qxd4 Qxd4 (17... Qa5+ 18. Nc3 Bd7 19. h3 Rac8 20. Rc1 Nf6 21. O-O $16)
18. Nxd4 Rd8 (18... Nf6 19. e5 Nxd5 20. Bxd5 Rd8 21. Nb5 Rxd5 22. Nc7 $18) 19.
O-O $16) 17. Qd2 Qxd2+ 18. Kxd2 e5 $6 (18... Rd8 $16) 19. h3 $1 exd4 (19... Nf6
20. fxe5 Nxe4+ 21. Ke3 Bf5 (21... f5 22. d6+ $18) 22. g4 Bh6+ 23. Nf4 $18) 20.
hxg4 g5 (20... Bxg4 21. e5 Bxe2 22. Kxe2 $18) (20... d3 21. Nc3 Bxg4 22. Kxd3
Rac8 23. Rac1) 21. g3 $1 (21. f5 $16) 21... Bxg4 (21... d3 22. Nc3 Bxg4 23.
Kxd3 Bf3 (23... Bxc3 24. Kxc3 Bf3 25. Rhe1 $18) 24. e5 $5 Bxh1 25. Rxh1 $18)
22. e5 $1 {Az áldozott gyalogért világosnak óriási gyalogcentruma van, a g7
futó bezárva, a kompenzáció bõséges.} Bxe2 23. Kxe2 Rfc8 24. Rad1 (24. Rac1 $5)
24... Rc3 25. Rd3 $18 (25. Rhg1) 25... Rac8 $6 (25... b5 $142) 26. d6 b5 (26...
Rxd3 27. Kxd3 Rc3+ 28. Kxd4 Rxg3 29. d7) 27. Rxc3 $1 dxc3 (27... Rxc3 28. d7)
28. e6 $1 {A gyalogáttörés azonnal nyer.} Kf8 (28... Bf8 29. e7 Bxe7 30. dxe7
Re8 31. fxg5 Rxe7+ 32. Kd3) 29. e7+ Ke8 30. Bxf7+ (30. Bxf7+ Kxf7 31. d7) 1-0

[Event "Dortmund "]
[Site "?"]
[Date "1999.??.??"]
[Round "?"]
[White "Kramnyik, V."]
[Black "Topalov, V."]
[Result "1-0"]
[WhiteElo "2760"]
[BlackElo "2690"]
[PlyCount "79"]
[EventDate "1999.??.??"]

1. d4 Nf6 2. Nf3 d5 3. c4 c6 4. Nc3 a6 5. c5 Bf5 6. Bf4 Nbd7 7. e3 e6 8. Be2
Be7 (8... Nh5 9. Bg5 Be7 10. Bxe7 Qxe7 11. Ne5 Nhf6 12. g4 Bg6 13. h4 $36 (13.
g5 $5)) 9. Nd2 $5 $146 Bg6 (9... O-O 10. g4 $5 Bg6 11. h4) 10. b4 Qc8 (10...
O-O 11. O-O Re8 12. Bg3 Bf8 13. f4 $14) 11. O-O Bd8 12. Rc1 Bc7 13. Bxc7 Qxc7
14. f4 Ng8 $1 (14... O-O $2 15. g4 $1 h6 16. h4 $16) (14... h6 $14) 15. e4 Ne7
16. f5 $5 {Kockázatos döntés, és egyáltalán nem volt kényszer.} (16. Qe1 $14)
16... exf5 17. exd5 cxd5 (17... Nxd5 18. Nc4 Nxc3 (18... O-O 19. Nxd5 cxd5 20.
Nd6 $14) 19. Rxc3 O-O 20. d5 $1 $44) 18. b5 $8 O-O 19. b6 $13 Qd8 (19... Qc8 $5
20. Nb3 (20. Re1 $5 Re8) 20... Nf6 21. Na5 Nc6 22. Nxc6 Qxc6 23. Qa4 Qe6 $132)
20. Nb3 Nf6 21. Na5 Rb8 22. a4 Ne4 23. Na2 ({Még korai lett volna} 23. Nxb7 $5
Rxb7 24. a5 f4 $5 (24... Nc6 $6 25. Qa4) 25. Nxe4 (25. Bxa6 Rb8 $13) 25... dxe4
26. c6 Nxc6 27. Rxc6 f3 $1 $132) 23... f6 $2 {Komoly hiba.} (23... f4 $1 24.
Rxf4 Nf5 $132 25. Qd3 Qg5 26. Rcf1 Rfe8 27. Bd1 $5) 24. Nb4 Be8 25. Qc2 $1 $16
g6 $6 (25... g5 $5 26. Bd3) 26. Rb1 Rf7 27. Nxb7 $1 Rxb7 28. a5 Nc6 $8 29. Nxc6
Bxc6 30. Bxa6 Rb8 (30... Qa8 31. Bxb7 Rxb7 (31... Qxb7 32. Qd3 $18) 32. Ra1 Qa6
$16) 31. Bb5 $1 Qc8 32. Bxc6 Qxc6 33. a6 $18 Kg7 (33... Ra8 34. b7) (33... Nd6
34. Qb3 Nc8 (34... Nc4 35. a7 $5 Rxa7 $140 36. bxa7 Rxb3 37. Rxb3 Kg7 38. Rb8)
35. Qg3 $1) 34. Rb4 $5 Nd6 35. Qa4 Qxa4 36. Rxa4 Nc8 37. Rb4 $1 (37. Rb1 Na7)
37... Na7 (37... Kf8 38. Ra1) 38. bxa7 Ra8 39. c6 $1 (39. Rb7 Rxa7 40. Rxa7
Rxa7 41. Ra1 Kf7) 39... Raxa7 40. Rc1 (40. Rc1 Rfc7 (40... Rxa6 41. c7) 41. Rb7
Kf7 42. Rxa7 Rxa7 43. c7) 1-0

[Event "Las Vegas (m/2) "]
[Site "?"]
[Date "1999.??.??"]
[Round "?"]
[White "Kramnyik, V."]
[Black "Korcsnoj, V."]
[Result "1-0"]
[WhiteElo "2760"]
[BlackElo "2676"]
[PlyCount "81"]
[EventDate "1999.??.??"]

1. Nf3 d5 2. d4 e6 3. c4 dxc4 4. e3 Nf6 5. Bxc4 c5 6. O-O Nc6 7. Qe2 cxd4 8.
Rd1 Be7 9. exd4 Na5 $146 10. Bb5+ Bd7 11. Ne5 Nc6 (11... Bc6 $5 12. Bd2 $5 a6
$1) 12. Nc3 O-O 13. Qf3 $1 Nd5 $6 (13... Rc8 14. Qg3 $1 $36 (14. Qh3 $14) 14...
Be8 (14... Kh8 15. Qh3 $1) 15. Bh6 Nh5 16. Qh3 f6 17. Nxc6 bxc6 18. Bc4) 14.
Nxd5 exd5 15. Qxd5 Nxe5 16. Qxe5 Bf6 (16... Bd6 17. Qxd6 Bxb5 18. Qg3 $1 Re8 (
18... Qf6 19. d5) 19. Bh6 Qf6 20. Bg5 Qg6 21. d5 $16) (16... Bg4 $5 17. f3 Be6
(17... Bd6 18. Qg5) 18. Qe2 Bd6 19. d5 Bf5) 17. Qe2 Re8 (17... Bxb5 18. Qxb5
Bxd4 $140 $2 19. Qa4 $1 Re8 20. Be3 Rxe3 21. Rxd4 $18) 18. Be3 $16 Bg5 19. Bc4
$1 Bxe3 20. fxe3 Qg5 21. Qf2 Be6 (21... Re7 22. e4) 22. d5 Bf5 (22... Bg4 $2
23. Rd4 $18 Rxe3 $140 24. h4) 23. d6 $1 Qxe3 24. Qxe3 Rxe3 25. Rac1 Rd8 $8 (
25... Rc8 $2 26. d7 Rd8 27. Be6 $1 $18) (25... Ree8 26. Bd5 $18) 26. Bd5 Be6 $1
27. Rc7 $1 (27. Bxb7 Re2 $1 $14 28. d7 Kf8) 27... Kf8 (27... Rxd6 28. Kf2 Re5
29. Bxe6 Rdxe6 30. Rd8+ Re8 31. Rxe8+ Rxe8 32. Rxb7 Ra8 $8 33. b4 a6 (33... Kf8
34. b5 $18) 34. a4 g6 35. Rb6 Kf8 36. a5 Ke7 37. Ke3 $16) 28. Kf2 Re5 29. Bf3
$1 (29. Bxe6 Rxe6 30. Rxb7 Rdxd6 $14) (29. Bxb7 Bxa2 $14) 29... Ra5 (29... Bxa2
30. Rxb7 a6 $1 $16 (30... a5 31. b3) 31. b3 $140 Rb5) 30. a3 Ra6 31. Rxb7 Raxd6
32. Rxd6 Rxd6 33. Ke3 a6 (33... Rb6 34. Kd4 $1 g5 35. Kc5 Rxb7 36. Bxb7 Ke7 37.
b4 $16) (33... Rd7 34. Rxd7 Bxd7 35. Kd4 Ke7 36. Kc5 $16) 34. a4 Bc4 $6 (34...
g5 $8 35. b4 $16) 35. b4 g5 36. Rc7 $1 Bb3 37. a5 Ba4 38. Be2 $18 h6 (38... f5
$8 39. g3 $1 (39. Rxh7 f4+ $132) 39... Rh6 40. Ra7 Rxh2 41. Bxa6) 39. Bc4 f5 (
39... Rf6 40. g3 $18) 40. Rf7+ Ke8 41. Rxf5 1-0

[Event "Wijk aan Zee "]
[Site "?"]
[Date "2000.??.??"]
[Round "?"]
[White "Kramnyik, V."]
[Black "Adams, M."]
[Result "1-0"]
[WhiteElo "2758"]
[BlackElo "2715"]
[PlyCount "97"]
[EventDate "2000.??.??"]

1. d4 Nf6 2. Nf3 e6 3. c4 b6 4. g3 Ba6 5. b3 Bb4+ 6. Bd2 Be7 7. Bg2 c6 8. O-O
d5 9. Qc2 O-O 10. Rd1 Nbd7 11. Bf4 Rc8 (11... Nh5 12. Bc1 f5) 12. Nc3 c5 $146
13. cxd5 (13. dxc5 $5 Bxc5 $13) 13... Nxd5 (13... cxd4 14. Nxd4 (14. dxe6 $5
Rxc3 15. Qb2 fxe6 16. Nxd4) 14... Nxd5 $8 15. Bxd5 exd5 16. Qb2 $36 Bb7 17.
Ncb5 $5) 14. Nxd5 exd5 15. dxc5 (15. Qd2 c4 $5 (15... Nf6)) 15... Rxc5 (15...
Nxc5 16. Qb2 $14) (15... Bxc5 16. Qb2 Re8) (15... Bf6 $5 16. c6 (16. Rac1 Nxc5
$36) 16... Bxa1 17. Rxa1 Bb7 (17... Nc5 18. Ng5 g6 19. Rd1) 18. c7 Qf6 19. Rc1
$44) 16. Qd2 Nf6 (16... Bf6 $5 17. Rac1 (17. Nd4 $5 Re8 (17... Bxd4 18. Qxd4
Bxe2 19. Rd2) 18. Be3 $14 Bxd4 19. Bxd4) 17... Rxc1 18. Rxc1 Nc5 $14) 17. Be5
Qd7 (17... Ne4 18. Qb2 Bf6 $14 19. b4 $5 Rc8) 18. Bd4 Rc7 19. Rac1 (19. Ne5 $5
Qf5 20. Rac1 (20. Nd3 Rfc8) 20... Rfc8 $14) 19... Rxc1 $1 (19... Rfc8 20. Rxc7
Rxc7 (20... Qxc7 21. Bh3) 21. Bxf6 $5 Bxf6 22. e4 Bc3 (22... d4 23. e5) (22...
Bb7 23. e5 $5 (23. exd5) 23... Be7 24. Nd4) 23. Qe3 d4 24. Nxd4 Bxd4 25. Rxd4
Rc1+ 26. Qxc1 Qxd4 27. Bf1 Bb7 28. Qc7 $18) 20. Rxc1 Rc8 21. Ne5 (21. Rd1 Qf5 (
21... Ne4 22. Qb2 $14) 22. Ne1) 21... Qe6 22. Rxc8+ Qxc8 23. Nd3 Ne4 24. Qb2 (
24. Qe3 $6 Qc2 25. h4 (25. f3 $2 Qd1+ 26. Bf1 Nd2) 25... Bf8 $13 (25... Qxa2
26. f3) 26. Nf4 Bb7) 24... Bxd3 (24... Bf6 $5 25. Bxf6 Nxf6 26. Nf4 $14 Qc5 27.
e3 (27. Bf3 d4 $5) (27. Qe5 Qxf2+)) 25. exd3 Nf6 26. h3 (26. b4 Qa6 $5) (26.
Bf3 $1 $14) 26... h6 (26... h5 $5 27. Qe2 Qe6) 27. b4 Qe6 28. Qc3 (28. Kh2 $5
h5 $132) 28... Ne8 29. a4 Bf6 30. Kh2 Qd7 $6 (30... Qf5 $5) (30... Bxd4 $1 31.
Qxd4 Nc7 (31... Nf6 32. a5 $14 (32. Qf4 Qe1 $5) 32... h5) 32. a5 (32. Qf4 $5)
32... Qd6) 31. a5 Kh7 $6 32. Bxf6 Nxf6 33. Qe5 $1 $16 Qd8 $6 (33... bxa5 34.
bxa5 Qd8 (34... Qb5 35. Qc7) 35. Qc3) 34. a6 Kg8 (34... Qc8 35. b5 $5 (35. Bxd5
Nxd5 (35... Qxa6 36. b5 $16 Qa3 37. Bxf7 $5 (37. Bc4) 37... Qxd3 38. Be6) 36.
Qxd5 Qxa6 37. b5 $16) 35... Qc5 36. Qb8 Qxf2 (36... Qe7 37. Qb7) 37. Qxa7 h5
38. Qb8) 35. d4 (35. b5 $5 Kf8 36. d4) 35... b5 (35... h5 $5 36. Bf3 g6 37. b5
Kf8 38. Kg2) 36. Bf3 (36. g4 $5 Qb6 (36... g5 $5 37. f4 gxf4 38. Qxf4) 37. f4
Qxa6 38. g5 hxg5 39. fxg5 Nh7) 36... Kf8 $6 (36... g6 $5 37. Be2 $5 (37. Kg2)
37... Qb6 38. Bxb5 Kg7 39. Be2 Qxb4) (36... Qb6 37. Bxd5 Nxd5 38. Qxd5 Qxa6 $16
) 37. Kg2 Kg8 38. h4 $1 Qb6 39. Bxd5 (39. g4 $5 Qxa6 40. g5 $16) 39... Nxd5 40.
Qxd5 Qxa6 41. Qd7 $5 (41. Qa8+ Kh7 42. d5 Qg6 $1 43. Qe8) (41. Qc5 $5) (41. h5
$5) (41. Qd8+ $5 Kh7 42. d5 Qg6 43. Qe7) 41... Qg6 $1 (41... Qe6 $2 42. Qxe6
fxe6 43. Kf3 $18) (41... Qf6 42. Qxa7 Qc6+ 43. Kh2 Qf3 44. Qb8+ Kh7 45. Qf4)
42. Qe8+ (42. Qxa7 $2 Qe4+ 43. Kh2 Qe1 44. Qb8+ (44. d5 Qxb4) 44... Kh7 45.
Qxb5 Qxf2+ 46. Kh3 Qxd4 $14) 42... Kh7 43. d5 a5 $5 (43... Qd6 $2 44. Qxb5) (
43... Qd3 44. Qxf7 Qe4+ 45. Qf3 Qxb4 46. Qd3+ Kg8 (46... Kh8 47. d6 Qa5 48. d7
Qd8 49. Qd5 b4 50. Qe6 $18) 47. d6 Qa5 48. Qd5+ $1 $18 Kf8 49. Qa8+ Kf7 50. d7)
(43... a6 44. Qe5 $1 Qd3 45. h5 $5 (45. d6)) 44. bxa5 b4 45. d6 $3 (45. a6 Qxa6
46. Qe4+ g6 47. Qxb4 $16) 45... b3 (45... Qxd6 46. Qe4+ $1 f5 $5 (46... Qg6 47.
Qb7 Qc2 (47... b3 48. Qxb3 $18) 48. Qxb4 $18) (46... g6 47. Qb7 $18) (46... Kg8
47. Qb7 $18) 47. Qb7 $1 (47. Qxf5+ Qg6) 47... f4 $5 48. a6 fxg3 (48... f3+ 49.
Kxf3) 49. a7 $18) 46. d7 Qc6+ 47. Kh2 Qf3 (47... b2 48. d8=Q Qxe8 49. Qxe8 b1=Q
50. Qxf7) 48. Qe1 $1 (48. d8=Q $4 Qxf2+ 49. Kh3 Qf1+ 50. Kh2 (50. Kg4 $4 f5+
51. Kh5 Qe2+ 52. Qxe2 g6#) 50... Qf2+ $11) (48. Qe3 Qxe3 49. fxe3 b2 50. d8=Q
b1=Q) 48... Qd3 (48... Qd5 49. a6 $5 (49. Qb1+ f5 50. Qxb3 $18)) 49. a6 $1 (49.
a6 Qxd7 (49... b2 50. a7 b1=Q 51. Qxb1 Qxb1 52. a8=Q Qf5 53. d8=Q Qxf2+ 54. Qg2
) 50. Qb1+ f5 51. Qxb3 Qa7 52. Qa2) 1-0

[Event "London (m/2) "]
[Site "?"]
[Date "2000.??.??"]
[Round "?"]
[White "Kramnyik, V."]
[Black "Kaszparov, G."]
[Result "1-0"]
[WhiteElo "2770"]
[BlackElo "2849"]
[PlyCount "79"]
[EventDate "2000.??.??"]

1. d4 Nf6 2. c4 g6 3. Nc3 d5 4. cxd5 Nxd5 5. e4 Nxc3 6. bxc3 Bg7 7. Nf3 c5 8.
Be3 Qa5 9. Qd2 Bg4 10. Rb1 a6 11. Rxb7 $1 $146 {A világbajnoki döntõ második
fordulójában máris bevetésre került egy fontos újítás.} (11. Rb3) 11... Bxf3 (
11... Nc6 $5 12. Bc4 $1 $14) 12. gxf3 Nc6 13. Bc4 O-O 14. O-O cxd4 (14... Rad8
15. d5 $16 Bxc3 $140 16. Qe2 Nd4 17. Bxd4 cxd4 18. Rxe7) 15. cxd4 Bxd4 {A
vezércserére világos futópárjával és a gyenge sötét a gyalog miatt jobbanáll.}
(15... Qxd2 16. Bxd2 Nxd4 17. Kg2 e6 18. Rc1 $14) (15... Qh5 $2 16. Bd5 Qxf3
$140 17. Qd1 Qxd1 18. Rxd1 $18) 16. Bd5 Bc3 {Meglepetéssel érte Kramnyikot,
mert gyorsan befogta Kaszparovot a gondolkodási idõ felhasználásában.} (16...
Bxe3 $2 17. Qxe3 Rac8 (17... Nb4 18. Qc3 e6 19. Bxe6 $1 Qg5+ 20. Kh1 $18) 18.
Rc1 Nb4 (18... Ne5 19. Rxc8 Rxc8 20. Rxe7 $18) 19. Rxc8 Rxc8 20. Qd2 e6 21.
Bxe6 fxe6 22. Qh6 $140 $18 Rc7 23. Rb8+) (16... Qxd2 17. Bxd2 Rfc8 (17... Ne5
$5 18. Kg2 e6 19. Rb4 exd5 20. Rxd4 dxe4 21. fxe4) 18. f4 e6 19. Bb3 Ra7 20.
Rxa7 Nxa7 21. f5 {és a világos futópár fölénye érvényesülhet.}) 17. Qc1 $1 Nd4
(17... Rac8 18. Bb6 Qb4 (18... Nd4 19. Qd1 Qb4 20. a3 Qd6 21. Bxd4 Bxd4 22.
Qxd4 e6 23. Qf6 $18) 19. a3 Qb2 20. Qxb2 Bxb2 21. a4 e6 22. Bxc6 Rxc6 23. Rd1
$16) 18. Bxd4 (18. Qd1 $2 e6 19. Bxd4 exd5 20. Bxc3 Qxc3 21. Rb3 Qa5) 18...
Bxd4 19. Rxe7 (19. Qc4 $2 Qd2) 19... Ra7 (19... Qd8 20. Qc7 $16) 20. Rxa7 (20.
Qg5 $4 Qd8) 20... Bxa7 21. f4 $1 {Világos gyalogelõnye dupla, így logikus,
hogy akcióba indul. A különbözõ színû futók mellett világosé a jó, a támadó,
amely az f7 mezõt támadja.} (21. Qf4 Bb8 22. Qf6 Qc7) 21... Qd8 (21... Bb8 22.
Qe3 Qc7 23. e5) 22. Qc3 Bb8 (22... Qh4 23. Qg3 Qxg3+ 24. hxg3 Rb8 25. Bb3 Rd8
26. e5 (26. Rc1 $5 Rd2 27. Bxf7+ Kg7 28. Bb3 Bxf2+ 29. Kg2) 26... Rd2 27. Kg2
Kg7 28. Rc1 Rxf2+ 29. Kh3 $16) 23. Qf3 $1 (23. Qg3 Qf6 $5 (23... Qd6 24. f5
Qxd5 25. exd5 Bxg3 26. fxg3 Rd8 27. Rd1 Kg7) 24. e5 Qf5 25. Bc4 Rd8 $132) 23...
Qh4 (23... g5 $6 24. fxg5 (24. f5) 24... Qxg5+ 25. Kh1) (23... Qf6 24. e5 Qf5
25. h4 $5 Rc8 26. Be4 Qe6 27. Rb1 Qxa2 28. Rb7 $16) 24. e5 g5 {Kaszparov
megnyugodott ebben az állásban, de Kramnyik válaszlépése ismét gondokat
okozott a címvédõnek.} 25. Re1 $1 (25. e6 $2 fxe6 26. Bxe6+ Kg7 27. Qc3+ Kh6)
25... Qxf4 (25... gxf4 26. e6 fxe6 27. Rxe6 Qg5+ 28. Qg2 (28. Kh1 $5 Kh8 29.
Qc3+ Qg7 30. Qxg7+ Kxg7 31. Rxa6) 28... Qxg2+ 29. Kxg2 Kg7 30. Rxa6) 26. Qxf4
gxf4 27. e6 fxe6 (27... Rd8 $2 28. e7 Re8 29. Bc6) (27... Bd6 $2 28. exf7+ Kg7
29. Re8) 28. Rxe6 Kg7 (28... a5 29. Re7+ $5 (29. Ra6+ Kg7 30. Rxa5 Rf5 31. Rb5
$16) 29... Kh8 30. Kf1 (30. Kg2 f3+ $1 31. Bxf3 Rg8+ 32. Kh3 Rg7 $14) 30... f3
31. h3 $16) 29. Rxa6 Rf5 (29... Rf6 30. Ra8 (30. Ra5 $5) 30... Rb6 31. Kg2 (31.
a4 Rb2 32. a5 Bd6 33. Rc8 $16 Rb5 $140 34. a6 Rxd5 35. a7 f3 36. Rg8+ $1 Kf6
37. Kh1 $1) 31... Rb2 32. Kh3 $1 (32. a4 Be5) 32... f3 (32... Be5 33. f3) 33.
Kg4 Bxh2 (33... Be5 34. Kxf3 Bd4 35. Rg8+ Kf6 36. Rg2 Ke5 37. Bb3 h6 38. Kg3
$18) 34. Kxf3 $16) 30. Be4 Re5 (30... Rb5 $5 31. Kg2 (31. a4 Rb2 32. a5 Be5)
31... Rb2 32. a4 (32. Kf3 Be5) 32... Be5 33. Rc6 $5 Bd4 (33... Rb4 34. Bc2) 34.
Bc2 Ra2 35. Rc4 $16) 31. f3 {Világos tisztjei aktívabbak, az erõsen lecsökkent
anyag ellenére komoly nyerõesélyei vannak.} Re7 (31... Rb5 32. Kg2 (32. a4 Rb2
33. h4 $5) 32... Rg5+ (32... Rb2+ 33. Kh3) 33. Kf1 Rb5 (33... Rh5 34. Rb6 Be5
35. Rb7+ Kg8 36. Rb5) 34. a4 Rb2 35. h4 Be5 36. h5) 32. a4 $1 Ra7 $2 {
Hibáztatták ezt a passzív lépést, de a jobb} (32... Ba7+ $5 {esetén sem könnyû
sötét helyzete.} 33. Kg2 (33. Kf1 Be3) 33... Be3 34. Kh3 $1 {Nagyon fontos
manõver a király aktivizásálása.} (34. a5 Re5 $1 (34... Ra7 $2 35. Rxa7+ Bxa7
36. Kh3 h5 $8 37. Kg2 Kf6 (37... h4 38. Kh3 Bg1 39. a6 $18) 38. h4 $1 $18 Kg7
$140 39. a6 Kf6 40. Kf1 Kg7 41. Ke2 Kf6 42. Bd3 Bb6 43. Bc4 Ke7 (43... Bg1 44.
Kd3 Ke5 45. Bf7) 44. Kd3 Kd6 45. Ke4 Bf2 46. Kxf4 Kc7 47. Kg5) 35. h4 $1 (35.
Ra8 Rg5+ 36. Kh3 Rh5+ 37. Kg4 Rxh2 38. a6 Ra2) 35... Rh5 (35... Rb5 36. Kh3)
36. Ra8 Rxh4 37. Rc8 Rh5 38. Rc7+ Kf6 39. a6 Rg5+ 40. Kf1 Ra5) (34. Rc6 $5 Ra7
35. Bc2 $16) 34... Re5 $1 (34... Ra7 $2 35. Rxa7+ Bxa7 36. Kg4 Be3 37. a5 h6
38. Kf5 $18) 35. a5 $5 (35. Kg4 h5+ 36. Kh4 Bf2+ 37. Kh3 $16) 35... Rh5+ 36.
Kg4 (36. Kg2 Rg5+) 36... Rxh2 37. Rd6 $36 Rg2+ 38. Kf5 $16 Rg6 $140 $2 39.
Rxg6+ hxg6+ 40. Ke6 g5 41. Bf5 $18) 33. Rb6 (33. Rxa7+ $2 Bxa7+ 34. Kg2 Bb6 35.
h4 (35. Kh3 h5 36. Kh4 Kh6 $11) 35... Bd8 36. Kh3 h5 $11) 33... Be5 (33... Bc7
34. Rb4 (34. Rc6 Bd8 35. Rc4 Bb6+) 34... Bd6 $1 35. Rc4 Ra5 $1 $16 (35... Rc7
$6 36. Bc6 Kf6 37. Kg2 Be5 38. a5 Ke7 39. Kh3 (39. Re4) 39... Kd6 40. Bb5 $18))
34. Rb4 Rd7 $2 (34... Bd6 $1 $16) 35. Kg2 Rd2+ 36. Kh3 $18 h5 37. Rb5 (37. Rb7+
Kh6 $5 38. Rb6+ Rd6) 37... Kf6 38. a5 Ra2 (38... Bd4 39. Rd5 Be3 40. Rxd2 Bxd2
41. a6 Be3 42. Kh4) 39. Rb6+ Ke7 $2 {Kaszparov nehéz állásban azonnal vesztõt
húzott, tisztet nézett el.} (39... Kg7 $8 40. a6 Bd4 41. Rg6+ Kf8 42. Bb7 $1
Ra5 (42... Be3 43. Rg5 h4 44. Rg4 Ke7 45. Rxh4 Bg1 46. Kg4) 43. Rd6 Bg1 44. Rd1
$1 Be3 (44... Rg5 45. Rxg1 Rxg1 46. a7) 45. Rd5 Rxd5 (45... Ra2 46. Rxh5 Bg1
47. Kg4) 46. Bxd5 Kg7 (46... Ke7 47. Kh4) (46... Bf2 47. Kg2 Ba7 48. h4) 47.
Kg2 Kf6 (47... h4 48. Kh3 Bf2 49. Kg4) 48. h4 {és a világos király útnak
indulhat.}) 40. Bd5 (40. Bd5 Rxa5 41. Re6+ Kd7 42. Rxe5 Kd6 43. Rxh5 Rxd5 44.
Rxd5+ Kxd5 45. Kg4) 1-0

[Event "London (m/10) "]
[Site "?"]
[Date "2000.??.??"]
[Round "?"]
[White "Kramnyik, V."]
[Black "Kaszparov, G."]
[Result "1-0"]
[WhiteElo "2770"]
[BlackElo "2849"]
[PlyCount "49"]
[EventDate "2000.??.??"]

1. d4 Nf6 2. c4 e6 3. Nc3 Bb4 4. e3 O-O 5. Bd3 d5 6. Nf3 c5 7. O-O cxd4 8. exd4
dxc4 9. Bxc4 b6 10. Bg5 Bb7 11. Re1 Nbd7 12. Rc1 Rc8 13. Qb3 Be7 14. Bxf6 {
Kramnyik gyorsan játszotta meg a cserét, ez a pszichológiai hadviselés része
is volt} Nxf6 $6 {Rossz választás. Sötét kielégítõ játékhoz jutott volna} (
14... Bxf6 $5 15. Nb5 Bxf3 $1 {után.} (15... Bg5 16. Rc2 $1 (16. Nxg5 Qxg5 17.
Qg3 Qxg3 18. hxg3 Ba6 (18... a5 19. Nd6 Rb8 20. Nxb7 Rxb7 21. d5 $16) 19. Nd6
Rc6 (19... Bxc4 20. Nxc8 $1 Rxc8 21. b3 Ba6 22. Rxc8+ Bxc8 23. Rc1 Ba6 24. Rc7
$16) 20. Bxa6 Rxd6 21. Rc7 Rxd4 22. Rxa7 Nc5 $11) 16... Ra8 (16... Bxf3 17.
Qxf3 Qe7 18. Nxa7 Qb4 19. Nxc8 Qxe1+ 20. Bf1 $16) 17. Nd6 Bxf3 18. Qxf3 Qf6 (
18... Nf6 19. Nxf7 Rxf7 20. Bxe6 Kf8 $16) 19. Qb7 $16) 16. Qxf3 a6 17. Na7 (17.
Nd6 Rc7 $11 18. Nxf7 (18. Bxa6 $2 Rxc1 19. Rxc1 Nb8) 18... Rxf7 19. Bxe6 Nf8
20. Rxc7 Qxc7 21. Bxf7+ Qxf7) 17... Rc7 18. Nc6 Qc8 $1 19. d5 (19. Qe4 g6 20.
Be2 $140 Nb8) (19. Bd3 Nb8 20. Qe4 (20. d5 exd5 21. Bf5 Qb7) 20... g6 21. Qf4
Rxc6 22. Rxc6 Nxc6 23. Qxf6 $11) 19... exd5 20. Bxd5 Ne5 $1 $11) (14... gxf6
15. d5) 15. Bxe6 fxe6 $2 {Szinte rá sem lehet ismerni Kaszparovra.} (15... Rc7
$1 16. Ng5 (16. Bxf7+ Rxf7 17. Ng5 Bd6 $13) (16. Bc4 $5 Bxf3 17. gxf3 Rd7 $44)
16... Qxd4 $1 $13 17. Ne2 (17. Bxf7+ $6 Kh8 $17) (17. Nxf7 Bc5 18. Ne5+ Kh8 $36
) (17. Rcd1 Qh4 18. Nxf7 Bc5 19. Re2 Rcxf7 $1 (19... Ba6) 20. Bxf7+ Kh8 $1 $40
(20... Rxf7 21. Rd8+ Bf8 22. Re7 Bd5 23. Nxd5 Nxd5 24. Rxf7 Qxd8 25. Rf5 $18))
17... Qd2 18. Nxf7 Qxe2 19. Rcd1) 16. Qxe6+ Kh8 (16... Rf7 17. Ng5 $18) 17.
Qxe7 Bxf3 18. gxf3 $5 (18. Qxd8 Rcxd8 19. gxf3 Rxd4 $14 20. Re7 Rd2 21. Ne4
Nxe4 22. Rf7 Kg8 23. Rxf8+ Kxf8 24. fxe4 Rxb2 25. Rc8+ Ke7 26. Rc7+ Kf6 27.
Rxa7) 18... Qxd4 19. Nb5 Qxb2 $2 $146 {A sötét vezér õrzi a nagyátlót, de
messzire kerül a hadszíntértõl. Sötét jobban is védekezhetett volna.} (19...
Qf4 $1 20. Rxc8 (20. Nd6 $2 Ng8) 20... Rxc8 21. Nd6 Ra8 $8 (21... Qxf3 $2 22.
Nxc8 Qg4+ 23. Kf1 Qh3+ 24. Ke2 $18) 22. Nf7+ (22. Ne8 Nxe8 (22... Nh5) 23.
Qxe8+ Qf8 24. Qxf8+ Rxf8 25. Re7) 22... Kg8 23. Ne5 $1 (23. Nd8 Qg5+ $8 (23...
h6 $2 24. Qf7+ Kh7 25. Ne6 $18) 24. Kh1 Qh5 $8 25. Qe6+ (25. Re3 h6) 25... Kh8
26. Nf7+ Kg8 27. Ne5+ (27. Ng5+ Kh8 28. Re5 Rf8) 27... Kh8 28. f4 $14) 23...
Rf8 (23... Qg5+ 24. Kh1) 24. Kh1 $16 (24. Qxa7 $2 Qd2)) (19... Qd3 $5 20. Rxc8
(20. Nd6 Ra8 21. Nf7+ (21. Re3 $2 Qg6+ 22. Kh1 Nd5) (21. Rcd1 Qxf3) (21. Qe6
Qxf3 22. Nf7+ Rxf7 23. Qxf7 Qg4+ 24. Kf1 Qh3+ 25. Kg1 (25. Ke2 $2 Re8+) 25...
Qg4+ $11) 21... Kg8 22. Ne5 Qf5 23. Rc7 $5 Nh5 $1 (23... Qg5+ 24. Kh1 Rae8 25.
Qd6 $16 Qf4 $140 $2 26. Rxg7+ Kxg7 27. Rg1+ Kh8 28. Ng6+ hxg6 29. Qxf4) 24. Qh4
$5 Nf4 (24... Rae8 25. Qc4+ Qe6 26. Re4) 25. Qg4 Qf6 26. Nd7 $140 Qd6 27. Nxf8
Qxc7 28. Ne6 Re8 $1) 20... Rxc8 21. Nd6 Ra8 22. Qe6 (22. Nf7+ Kg8 23. Ne5 Qd5)
22... h6 23. Kg2 $14 Qg6+ 24. Kh1) (19... Qd2 $5 20. Rxc8 (20. Nd6 $2 Ng4 $1
21. Ne4 Qf4 $1) 20... Rxc8 21. Nd6 Rb8 $1 (21... Ra8 22. Ne8 $5 Qg5+ 23. Kh1
Qg6 24. Nxf6 Qxf6 25. Qxf6 gxf6 26. Re7 $16) 22. Ne8 (22. Kg2) (22. h4 $5 h6)
22... Rb7 $1 23. Qe5 (23. Qf8+ Ng8 24. Re4 Rd7 25. Rg4 Qxb2) 23... Ng8) (19...
Qd7 $2 20. Qxd7 Nxd7 21. Rxc8 Rxc8 22. Nxa7 $18) 20. Rxc8 (20. Nd6 $2 Qxc1 21.
Rxc1 Rxc1+ 22. Kg2 $11) 20... Rxc8 21. Nd6 Rb8 $2 {Szeretné provokálni
világost az a7 gyalog leütésére, de világos célpontja az elhagyatott sötét
király.} (21... Ra8 $8 22. Nf7+ (22. Ne8 Ng8) (22. Qb7 Rf8 23. Qxa7 $14) 22...
Kg8 23. Qe6 h6 $8 (23... h5 24. Ng5+ Kh8 25. Qf5 $18) 24. Nxh6+ Kh7 25. Nf7 $1
Re8 (25... Qd2 26. Re4 $5 Nxe4 27. Qxe4+ Kg8 28. Qxa8+ Kxf7 29. Qxa7+) 26. Qf5+
$1 (26. Qh3+ Kg8 (26... Kg6 27. Nh8+) 27. Rxe8+ Nxe8 28. Qe6 $16 Kf8 $1 (28...
Qc1+ 29. Kg2 Nc7 30. Qf5) 29. Ne5 Qc1+ 30. Kg2 Qg5+ 31. Ng4) 26... g6 (26...
Kg8 27. Rxe8+ Nxe8 28. Ng5 Qc1+ (28... Qxa2 29. Kg2 $1 $18 Qc4 30. Qd7) (28...
Qf6 29. Qd5+ Kh8 30. h4) 29. Kg2 $16) 27. Qh3+ Kg8 (27... Kg7 28. Rxe8 Qc1+ 29.
Kg2 Nxe8 30. Qe6) 28. Rxe8+ Nxe8 29. Qe6 Ng7 30. Qd5 $16) 22. Nf7+ (22. Qxa7 $2
Rf8 23. Qe7 Ra8 24. Nf7+ Kg8 25. Qe6 (25. Nd8 h6 26. Ne6 Nh5 $1) 25... Qxa2 $1)
(22. Ne8 Ng8 $8) 22... Kg8 23. Qe6 $1 $18 Rf8 {Már nincs hathatós védelem.} (
23... h5 24. Ng5+ Kh8 25. Qf5 Qxa2 (25... Qc3 26. Re6 Kg8 (26... Qc7 27. Qg6
Rf8 28. Rxf6 gxf6 29. Qh6+ Kg8 30. Qxf8+) 27. h4 $1 (27. Qg6 h4 $8 28. Re7 (28.
Kg2) 28... Qc1+ 29. Kg2 h3+ 30. Nxh3 Qh6 $16) (27. Re7 Qb4)) 26. Re6 (26. Qg6
Qa3 (26... Rf8 27. Re7) 27. Re6 Kg8 $8 28. h4) 26... Kg8 27. Qg6 (27. Rxf6 Qa1+
) 27... Qa3 28. h4 Qf8 29. Rxf6 Qxf6 30. Qh7+ Kf8 31. Qh8+ Ke7 32. Qxb8) (23...
h6 24. Nxh6+ Kh7 25. Qf5+ $1 Kh8 (25... Kxh6 26. Qf4+ Kh7 27. Qxb8) 26. Nf7+
Kg8 27. Ng5 Qxa2 (27... Qc3 28. Re7 Qc5 29. Rxg7+ Kxg7 30. Ne6+) 28. Re7 Re8
29. Rxe8+ Nxe8 30. Kg2 $18) 24. Nd8+ Kh8 25. Qe7 (25. Qe7 Rxd8 (25... Rg8 26.
Nf7#) (25... Re8 26. Qxe8+ Nxe8 27. Rxe8#) (25... Kg8 26. Ne6 Nd7 $8 27. Qxd7)
26. Qxd8+ Ng8 27. Qd5) 1-0